Bairros de Santos - SP - Statistics

Estatísticas Gerais
  • Esse quiz foi jogado 140 vezes
  • A pontuação média é 26 de 69
Estatísticas das Respostas
Zona Bairro % Correto
Orla Gonzaga
89%
Central Centro
78%
Orla Ponta da Praia
78%
Porto Porto Ponta da Praia
78%
Orla José Menino
71%
Morros Morro José Menino
71%
Orla Aparecida
67%
Orla Boqueirão
64%
Intermediária Vila Belmiro
64%
Orla Embaré
61%
Intermediária Marapé
61%
Morros Morro Embaré
61%
Morros Morro Marapé
61%
Morros Morro da Nova Cintra
54%
Morros Morro São Bento
54%
Orla Pompeia
54%
Intermediária Macuco
53%
Porto Porto Macuco
53%
Intermediária Estuário
50%
Intermediária Encruzilhada
47%
Central Vila Mathias
46%
Intermediária Campo Grande
43%
Morros Morro Saboó
43%
Intermediária Jabaquara
42%
Morros Morro Jabaquara
42%
Porto Porto Saboó
42%
Noroeste Saboó
42%
Noroeste Alemoa
39%
Porto Porto Alemoa
39%
Morros Morro Santa Terezinha
38%
Noroeste Caneleira
36%
Morros Morro Caneleira
36%
Noroeste Rádio Clube
36%
Morros Monte Serrat
33%
Morros Morro Santa Maria
33%
Noroeste Santa Maria
33%
Central Valongo
33%
Central Vila Nova
32%
Central Paquetá
29%
Porto Porto Paquetá
29%
Noroeste São Manoel
29%
Noroeste Areia Branca
28%
Morros Vila Progresso
26%
Continental Caruara
25%
Noroeste Castelo
25%
Noroeste Chico de Paula
25%
Morros Morro Chico de Paula
25%
Noroeste São Jorge
25%
Noroeste Bom Retiro
24%
Noroeste Piratininga
24%
Morros Morro do Pacheco
21%
Continental Ilha Barnabé
19%
Noroeste Vila Haddad
19%
Central Chinês
18%
Continental Iriri
18%
Morros Morro da Penha
18%
Morros Morro Fontana
18%
Noroeste Ilhéu Alto
17%
Continental Monte Cabrão
15%
Continental Quilombo
15%
Orla Vila Hayden
15%
Continental Trindade
14%
Continental Cabuçú-Caetê
13%
Continental Ilha dos Bagres
13%
Continental Nossa Senhora das Neves
13%
Porto Outeirinhos
13%
Morros Morro Cachoeira
10%
Continental Guarapá
8%
Continental Piaçaguera
8%
Nenhum quiz correspondente encontrado
Distribuição das Pontuações
Porcentagem de Pessoas com Cada Pontuação
Percentil de Números Respondidos
Sua Pontuação Histórica
Você não jogou esse quiz